00729nam a2200241 a 4500001001300000003000900013005001700022008004100039020000900080082001500089100003100104245005800135260002600193300000900219500003500228505001000263650002500273700003100298902000800329942000700337952012600344999001700470nice12345678IN_TiNIC20260116013534.0050524s1986 dela grp 000 0 eng  ac5500a297.5bALK aAl-Kayasi, Marwan Ibraheem aMorals and Manners in Islamb a Guide to Islamic Adab aDelhibQazi Pubc1986 a200p aincludes index and biblioraphy2 aIndex aIslam-Moral Theology1 aAl-Kayasi, Marwan Ibraheem bSRS cBK 001040708StackRoom-aHMIbHMId2007-07-03g55.00l1o297.5 ALKp015849r2015-12-11s2015-12-10v55.00w2005-05-24yBK c11380d11380